000 00762nas a2200265 i 4500
001 189382
003 SpMaBN
005 20250818075814.0
008 190528d1989 sp a|y | 0||pa d
022 _a1134-1556
245 0 0 _aEspaña.
246 3 _aEspaña (Madrid. 1989)
260 _a[Madrid] :
_bMinisterio del Portavoz del Gobierno,
_c1989-
300 _a4 v. :
_bil. col., mapas, fot. ;
_c24 cm.
310 _aAnual
362 0 _a1989-
651 4 _aEspaña
_98159
655 7 _2tgfbne
_9226866
_aRevistas
710 1 _aEspaña.
_bMinisterio del Portavoz del Gobierno.
_9167141
852 _aES-MaACL
_jL-32388-91
866 0 _o1989, 1993-1995
942 _2udc
_cPERIODICA
999 _c189382
_d189382